Poesías / (Record no. 159843)

MARC details
000 -LEADER
campo de control de longitud fija 00603nam a22001575i 4500
001 - NÚMERO DE CONTROL
campo de control 159843
003 - IDENTIFICADOR DE NÚMERO DE CONTROL
campo de control ES-MaACL
005 - FECHA Y HORA DE LA ÚLTIMA TRANSACCIÓN
campo de control 20230906211828.0
008 - DATOS DE LONGITUD FIJA--INFORMACIÓN GENERAL
campo de control de longitud fija 040928s1882 ag |||| | spa d
040 ## - FUENTE DE CATALOGACIÓN
Centro catalogador/agencia de origen CAM
Lengua de catalogación spa
Centro/agencia transcriptor CAM
100 1# - ENTRADA PRINCIPAL--NOMBRE DE PERSONA
Nombre de persona Mitre, Adolfo.
9 (RLIN) 129998
245 10 - MENCIÓN DEL TÍTULO
Título Poesías /
Mención de responsabilidad, etc. de Adolfo Mitre.
260 ## - PUBLICACIÓN, DISTRIBUCIÓN, ETC.
Lugar de publicación, distribución, etc. Buenos Aires :
Nombre del editor, distribuidor, etc. [s.n.],
Fecha de publicación, distribución, etc. 1882 (
Fabricante Imprenta de obras de La Nacion)
300 ## - DESCRIPCIÓN FÍSICA
Extensión 136, II p. ;
Dimensiones 18 cm.
852 ## - LOCALIZACIÓN
Ubicación ES-MaACL
Número de control de estantería T-767-F-4
Nota libre -- Enc. hol. conservando la cub. original
-- -- Dedicatoria ms. a la dirección de la "Revista contemporánea", Madrid
-- -- Enc. en un vol. facticio
Holdings
Estatus retirado Estado de pérdida Estado de daño No para préstamo Colección Biblioteca de origen Biblioteca actual Ubicación en estantería Fecha de adquisición Total de préstamos Signatura topográfica completa Código de barras Visto por última vez Precio de reemplazo Tipo de ítem Koha
        Colección de folletos Biblioteca del Ateneo de Madrid Biblioteca del Ateneo de Madrid Depósito folletos 17/01/2008   T-767-F-4 1167333 23/02/2023 23/02/2023 Folleto